| 000 | 01090cam a22003377a 4500 | ||
|---|---|---|---|
| 003 | CHAP | ||
| 005 | 20220329142948.0 | ||
| 008 | 050427s1997 uk a r 00010 eng d | ||
| 010 | _a90191 | ||
| 011 | _a91163 | ||
| 020 | _a0851992005 | ||
| 035 | _a101721 | ||
| 040 | _cCHAP | ||
| 082 | 0 | 4 |
_a636.3 _bP4 |
| 100 | 0 | 0 |
_aPiper, Laurie _eed. _988489 |
| 245 | 1 | 4 |
_aThe genetics of sheep _c/ed. by Laurie Piper and Anatoly Ruvinsky |
| 260 |
_aOxon : _bCAB International, _c1997. |
||
| 300 |
_a611 p. : _bilus. |
||
| 590 |
_aBATCH-UPD _b10 _c20130110 _lUCH01 _h0358 |
||
| 590 |
_aBATCH-UPD _b10 _c20130110 _lUCH01 _h2257 |
||
| 590 |
_aBATCH-UPD _b10 _c20130410 _lUCH01 _h0031 |
||
| 590 |
_aBATCH-UPD _b10 _c20130914 _lUCH01 _h1513 |
||
| 590 |
_aCONVERSION _b10 _c20130109 _lUCH01 _h1350 |
||
| 650 | 0 | 4 |
_aGanado lanar _xGenética. _945182 |
| 650 | 0 | 4 |
_aGanado lanar _xMejoramiento. _945194 |
| 700 | 0 |
_aRuvinsky, Anatoly. _9101016 |
|
| 901 | _aBK | ||
| 905 | _aAlejandra Carrasco M. | ||
| 942 | _cLIBRO | ||
| 949 |
_a636.3 P4 _bBC _cLIBRO _d33724000799326 _eLIBRO _h105347 _i101721 _kI. 00224351 _si _t$ 2 400.00 |
||
| 999 |
_c90191 _d90191 |
||